Cities/towns with the biggest churches - Statistics

General Stats
  • This quiz has been taken 11 times
  • The average score is 10 of 20
Answer Stats
Answer % Correct
20 Paris
100%
9 Rome
100%
10 Barcelona
91%
16 London
82%
3 Milan
82%
5 New York City
82%
4 Seville
73%
15 Cologne
64%
1 Vatican City
64%
19 Los Angeles
55%
12 Santiago de Compostela
55%
17 Bucharest
36%
14 Bologna
27%
8 Liverpool
27%
11 Fátima
18%
13 Zaragoza
18%
7 Padua
9%
18 Ulm
9%
2 Aparecida
0%
6 Licheń stary
0%
No matching quizzes found
Score Distribution
Percent of People with Each Score
Percentile by Number Answered
Your Score History
You have not taken this quiz